[Event "TCh-CRO"]
[Site "Pula CRO"]
[Date "2001.09.18"]
[Round "9"]
[White "Dizdarevic,E"]
[Black "Hrvacic,P"]
[Result "1-0"]
[WhiteElo "2505"]
[BlackElo "2280"]

1.c4 c6 2.Nf3 d5 3.e3 Nf6 4.Nc3 g6 5.d4 Bg7 6.Be2 O-O 7.O-O Nbd7 8.cxd5 cxd5
9.a4 b6 10.b4 a6 11.Qb3 Bb7 12.Ba3 Re8 13.Rac1 Rc8 14.Rfd1 Ne4 15.b5 a5 16.h3 e6
17.Bd3 f5 18.Ne2 Rxc1 19.Rxc1 g5 20.Qc2 Qf6 21.Qc7 Bc8 22.Ng3 Qh6 23.Rc6 Bf8
24.Nxf5 Qf6 25.Nd6 Bxd6 26.Qxd6 Qg7 27.Rc7 Qf6 28.Ne5 Nf8 29.Ng4 Qd8  1-0

[Event "ch-Africa"]
[Site "Cairo EGY"]
[Date "2001.09.21"]
[Round "6"]
[White "Nadir,S"]
[Black "Molale,O"]
[Result "1-0"]
[WhiteElo "2190"]
[BlackElo "2101"]

1.c4 c6 2.e4 d5 3.exd5 cxd5 4.cxd5 Nf6 5.Bb5+ Nbd7 6.Nc3 a6 7.Qa4 Rb8 8.Bxd7+ Bxd7
9.Qb3 g6 10.d4 b5 11.Bf4 Rb6 12.Nf3 Bg7 13.O-O Nh5 14.Bg5 h6 15.Bxe7 Kxe7
16.Qb4+ Kf6 17.Ne4+ Kf5 18.Ng3+ Kf6 19.Ne4+ Kf5 20.Ne5 Kxe4 21.Qb3 Kf5 22.Qf3+ Nf4
23.g4+ Kf6 24.Qxf4+ Bf5 25.gxf5 gxf5 26.Qh4+  1-0

[Event "Battle of Crete Rapid"]
[Site "Panormo GRE"]
[Date "2001.09.21"]
[Round "5"]
[White "Halkias,S"]
[Black "Svetushkin,D"]
[Result "1-0"]
[WhiteElo "2505"]
[BlackElo "2461"]

1.c4 c6 2.Nf3 d5 3.d4 Nf6 4.Nc3 dxc4 5.a4 Bf5 6.Ne5 e6 7.f3 Bb4 8.g4 Bg6
9.h4 Nd5 10.Bd2 f6 11.Nxg6 hxg6 12.e4 Nxc3 13.bxc3 Bd6 14.Bxc4 e5 15.Qb3 Qe7
16.Ke2 b6 17.a5 Nd7 18.axb6 a5 19.Qa4 Kd8 20.b7 Rb8 21.Qxc6  1-0

[Event "4NCL"]
[Site "Birmingham ENG"]
[Date "2001.09.22"]
[Round "1"]
[White "Kosten,A"]
[Black "Ledger,A"]
[Result "1-0"]
[WhiteElo "2542"]
[BlackElo "2418"]

1.c4 c6 2.Nf3 d5 3.g3 Bg4 4.Bg2 e6 5.b3 Nd7 6.Bb2 Ngf6 7.O-O Be7 8.d3 O-O
9.Nbd2 Qb6 10.a3 Rad8 11.Qc2 Rfe8 12.b4 Qc7 13.cxd5 exd5 14.e4 Bd6 15.Nd4 Qb6
16.h3 Bh5 17.Nf5 Bf8 18.Bd4 Qa6 19.Rfe1 Nb6 20.e5 Nfd7 21.Nb3 Bg6 22.g4 Na4
23.Re3 Rc8 24.Qe2 b6 25.e6 fxe6 26.Rxe6 Bf7 27.Ne7+ Bxe7 28.Rxe7 Qb7 29.Qe3 Rxe7
30.Qxe7 c5 31.bxc5 bxc5 32.Na5 Qb5 33.Bxd5 cxd4 34.Bxf7+ Kh8 35.Nc4 Rf8 36.Re1 Nac5
37.Ne5 g6 38.Nxg6+ hxg6 39.Bxg6  1-0

[Event "5th Russian Cup Final"]
[Site "Kazan RUS"]
[Date "2001.10.03"]
[Round "2"]
[White "Kharlov,A"]
[Black "Yevseev,D"]
[Result "1/2-1/2"]
[WhiteElo "2656"]
[BlackElo "2530"]

1.c4 c6 2.e4 d5 3.exd5 cxd5 4.d4 Nf6 5.Nc3 Nc6 6.Nf3 Bg4 7.cxd5 Nxd5 8.Qb3 Bxf3
9.gxf3 Nb6 10.Be3 e6 11.O-O-O Be7 12.d5 exd5 13.Nxd5 Nxd5 14.Rxd5 Qc7 15.Kb1 O-O
16.Bd3 Nb4 17.Rh5 Nxd3 18.Qxd3 g6 19.Rc1 Qb8 20.Bh6 Rd8 21.Qc3 Bf8 22.Bxf8 Rxf8
23.Qd4  1/2-1/2

[Event "ch-SLO"]
[Site "Grize SLO"]
[Date "2001.10.09"]
[Round "9"]
[White "Mikac,M"]
[Black "Crepan,M"]
[Result "1-0"]
[WhiteElo "2404"]
[BlackElo "2283"]

1.c4 c6 2.e4 d5 3.exd5 cxd5 4.d4 Nf6 5.Nc3 Nc6 6.Nf3 e6 7.c5 Be7 8.Bb5 Bd7
9.O-O O-O 10.a3 Be8 11.Qc2 Qb8 12.b4 Bd8 13.Bg5 Ng4 14.Bxc6 bxc6 15.h3 f6
16.hxg4 fxg5 17.Ne5 Rf4 18.Qd2 Bf6 19.Rfe1 a5 20.Rab1 axb4 21.Rxb4 Qc7 22.Ne2 Re4
23.f3 Bxe5 24.fxe4 Bh2+ 25.Kh1 Rxa3 26.e5 Bg3 27.Nxg3 Rxg3 28.Qxg5 h5 29.Qf4 h4
30.Rf1 Qe7 31.Rf3 Bg6 32.Rb8+ Kh7 33.Rxg3 hxg3 34.Qxg3 Be8 35.Qh3+ Kg8 36.Qh5 Kf8
37.Kh2 Qd7 38.Qh8+  1-0

[Event "ch-SLO"]
[Site "Grize SLO"]
[Date "2001.10.09"]
[Round "9"]
[White "Jelen,Ig"]
[Black "Ivacic,V"]
[Result "1-0"]
[WhiteElo "2398"]
[BlackElo "2286"]

1.c4 c6 2.d4 d5 3.Nf3 Nf6 4.e3 g6 5.Nc3 Bg7 6.Be2 O-O 7.O-O Bg4 8.cxd5 Nxd5
9.h3 Bxf3 10.Bxf3 Nb6 11.Qe2 a5 12.Rd1 e6 13.e4 Re8 14.Be3 N8d7 15.d5 Qb8
16.dxe6 Rxe6 17.Bg4 Rd6 18.f4 Rxd1+ 19.Rxd1 Qc7 20.e5 Re8 21.Qc2 f5 22.Bf3 Kh8
23.Nb5 Qb8 24.Nd6 Re7 25.Qc3 a4 26.Qb4 Qc7 27.Nxf5 Re6 28.Nxg7 Kxg7 29.Bg4 c5
30.Qc3 Rc6 31.Bxd7  1-0

[Event "12th NATO"]
[Site "San Remo ITA"]
[Date "2001.10.11"]
[Round "6"]
[White "Nill,O"]
[Black "Cooper,L"]
[Result "0-1"]
[WhiteElo "2202"]
[BlackElo "2352"]

1.c4 c6 2.e4 d5 3.exd5 Nf6 4.Nc3 cxd5 5.d4 g6 6.Nf3 Bg7 7.Be2 O-O 8.O-O Nc6
9.h3 dxc4 10.Bxc4 Bf5 11.Re1 Rc8 12.b3 Na5 13.Ba3 Nxc4 14.bxc4 Qa5 15.Qb3 Bc2
16.Qxc2 Qxa3 17.Qb3 Qa6 18.Rxe7 Qxc4 19.Qxc4 Rxc4 20.Nb5 Ra4 21.Rxb7 a6 22.Nd6 Nd5
23.Ra7 Nc3 24.Re1 Rxa2 25.Ree7 Ne2+ 26.Kf1 Nxd4 27.Rac7 Ra1+ 28.Ne1 Ne6 29.Rc2 Bf6
30.Rd7 a5 31.Ne4 Bg7 32.Rdd2 a4 33.Ra2 Rxa2 34.Rxa2 Ra8 35.Nc2 f5 36.Nd6 Nf4
37.Nc4 Nd5 38.N2a3 Bf8 39.Rd2 Nc3 40.Rd3 Bg7 41.Rd6 Rb8 42.Rb6 Rxb6 43.Nxb6 Kf7
44.Ke1 Ke6 45.Kd2 Ne4+ 46.Kc2 Bf8 47.Nb5 a3 48.f3 Nf6 49.Nc4 Nd5 50.g3 Nb4+  0-1

[Event "5th Russian Cup Final"]
[Site "Kazan RUS"]
[Date "2001.10.12"]
[Round "11"]
[White "Timofeev,Ar"]
[Black "Galliamova,A"]
[Result "1/2-1/2"]
[WhiteElo "2517"]
[BlackElo "2547"]

1.c4 c6 2.e4 d5 3.exd5 cxd5 4.d4 Nf6 5.Nc3 Nc6 6.Bg5 dxc4 7.d5 Ne5 8.Qd4 h6
9.Bf4 Ng6 10.Bxc4 Nxf4 11.Qxf4 a6 12.Nf3 g6 13.Ne5 Qd6 14.O-O g5 15.Qe3 Bg7
16.f4 O-O 17.Rae1 g4 18.Bb3 Bf5 19.Rd1 Rac8 20.Rfe1 Qc5 21.Qxc5 Rxc5 22.d6 e6
23.Na4 Ra5 24.Rc1 Rd8 25.Rc7 Rxd6 26.Rxf7 Rb5 27.Nc3 Rb4 28.Re7 Rxf4 29.Rxb7 Nd5
30.Nc4 Bd4+ 31.Kh1 Rd8 32.Ne2 Re4 33.Bc2 Ne3 34.Nxd4 Nxc2 35.Nxc2 Rxe1+ 36.Nxe1 Rd1
37.Kg1 Rxe1+ 38.Kf2 Rc1 39.Ne3 h5 40.Kg3 Re1 41.Kf2 Ra1 42.a3 Rc1 43.Rb6 a5
44.Rb5 a4 45.Nxf5 exf5 46.Rxf5 Rc2+ 47.Kg3 h4+ 48.Kxh4 Rxg2 49.Rb5 Kf7 50.Rb6 Ke7
51.Kg5 Kd7 52.Kf5 Kc7 53.Rb4 Kc6 54.Rxg4 Rxh2 55.Rb4 Kc5 56.Rb8 Rh4 57.Ke5  1/2-1/2

[Event "6th Wichern Open"]
[Site "Hamburg GER"]
[Date "2001.10.14"]
[Round "2"]
[White "Lauber,A"]
[Black "Ottstadt,R"]
[Result "1-0"]
[WhiteElo "2424"]
[BlackElo "2184"]

1.c4 c6 2.d4 d5 3.Nc3 Nf6 4.e3 g6 5.Nf3 Bg7 6.Be2 O-O 7.O-O a6 8.a4 a5 9.Qb3 e6
10.Rd1 b6 11.Bd2 Bb7 12.Rac1 Nbd7 13.Be1 Qe7 14.c5 Rfb8 15.cxb6 Qb4 16.Qxb4 axb4
17.Na2 b3 18.Nc3 Nxb6 19.Ra1 Ne4 20.a5 Nxc3 21.Bxc3 Nc4 22.Bxc4 dxc4 23.Ne5 Bxe5
24.dxe5 Rd8 25.Rd6 Rxd6 26.exd6 c5 27.f3 Kf8 28.e4 Ke8 29.e5 Kd7 30.Kf2 f5
31.exf6 Kxd6 32.f4 Ra6 33.Rd1+ Bd5 34.g4 Kd7 35.f5 gxf5 36.gxf5 Ke8 37.fxe6 Bxe6
38.Ke3 Bf7 39.Kf4 Re6 40.Re1 Rxe1 41.Bxe1 Kd7 42.Kg5 Ke6 43.Bc3 Bg6 44.a6 Be4
45.a7 Kf7 46.Kf4  1-0

[Event "4th Golden Autumn"]
[Site "Alushta UKR"]
[Date "2001.10.20"]
[Round "?"]
[White "Zubarev,A1"]
[Black "Itkis,B"]
[Result "1/2-1/2"]
[WhiteElo "2455"]
[BlackElo "2472"]

1.c4 c6 2.Nf3 d5 3.e3 Nf6 4.Nc3 g6 5.d4 Bg7 6.Be2 O-O 7.O-O a6 8.a4 Bg4 9.h3 Bxf3
10.Bxf3 dxc4 11.Qe2 Nbd7 12.Rd1 Qb8 13.Qxc4 e5 14.a5 Re8 15.b4 Qd6 16.Qb3 exd4
17.exd4 Rad8 18.Bg5 h6 19.Bh4 Qf4 20.Bg3 Qf5 21.Rac1 Rc8 22.d5 cxd5 23.Nxd5 Rxc1
24.Rxc1 Nh5 25.Rc8 Qe6 26.Rxe8+ Qxe8 27.Bxh5 gxh5 28.Qf3 Qe1+ 29.Kh2 Qe6
30.Qxh5 Ne5 31.Ne3 Qg6 32.Qf5 Qxf5 33.Nxf5 Nd3 34.Bd6 Nxf2 35.Kg3 Ne4+ 36.Kf3 Nxd6
37.Nxd6 Bf8 38.Nxb7 Bxb4 39.Ke4 Kg7 40.Kd5 Kg6 41.Nc5  1/2-1/2

[Event "World Seniors"]
[Site "Arco ITA"]
[Date "2001.10.20"]
[Round "4"]
[White "Dornieden,M"]
[Black "Shabanov,Y"]
[Result "1/2-1/2"]
[WhiteElo "2293"]
[BlackElo "2458"]

1.c4 c6 2.Nf3 d5 3.e3 Nf6 4.d4 e6 5.Nbd2 Nbd7 6.Bd3 Bd6 7.O-O O-O 8.e4 dxe4
9.Nxe4 Nxe4 10.Bxe4 h6 11.Bc2 e5 12.Re1 Bb4 13.Bd2 Bxd2 14.Qxd2 exd4 15.Qxd4 Nf6
16.Qxd8 Rxd8 17.h3 Be6 18.b3 a5 19.Rad1 c5 20.Rxd8+ Rxd8 21.Rd1 Rxd1+ 22.Bxd1 Bf5
23.Nd2 Kf8 24.f4 Ke7 25.Kf2 g5 26.Ke3 b6 27.Bf3 Bc2 28.fxg5 hxg5 29.Be4 Bd1
30.Bf3 Bc2 31.Be4  1/2-1/2

[Event "TCh-SLO"]
[Site "Bled SLO"]
[Date "2001.10.23"]
[Round "6"]
[White "Basagic,Z"]
[Black "Mufic,Go"]
[Result "1/2-1/2"]
[WhiteElo "2372"]
[BlackElo "2370"]

1.c4 c6 2.Nf3 d5 3.b3 Nf6 4.g3 Bg4 5.Bg2 Nbd7 6.Bb2 e6 7.O-O Bd6 8.d3 O-O
9.Nbd2 Qe7 10.a3 a5 11.Qc2 Rfd8 12.e4 dxe4 13.dxe4 e5 14.Nh4 Nc5 15.f3 Be6
16.Kh1 b5 17.Nf5 Bxf5 18.exf5 Bc7 19.Ne4 Ncxe4 20.fxe4 Bb6 21.cxb5 cxb5 22.Qe2 Qe8
23.Rfd1 h5 24.Bf3 Rac8 25.Rxd8 Rxd8 26.Rd1 Rxd1+ 27.Qxd1 Qc6 28.Qe2 Ng4 29.Kg2 Qc5
30.Kh3 Nf2+ 31.Kg2 Ng4 32.Kh3 Nf2+ 33.Kg2 Ng4 34.Kh3  1/2-1/2

[Event "WYG16"]
[Site "Oropesa del Mar ESP"]
[Date "2001.10.23"]
[Round "3"]
[White "Kadziolka,B"]
[Black "Hryhorenko,N"]
[Result "1/2-1/2"]
[WhiteElo "2193"]
[BlackElo "2280"]

1.c4 c6 2.d4 d5 3.e3 Nf6 4.Nc3 Bf5 5.cxd5 Nxd5 6.Bc4 e6 7.Nge2 Bd6 8.e4 Nxc3
9.Nxc3 Bg6 10.O-O O-O 11.f4 Qh4 12.g3 Qh3 13.Be3 Bh5 14.Qd2 Nd7 15.Rf2 Rfe8
16.f5 exf5 17.Bf1 Qg4 18.Be2 Qh3 19.Bf1 Qg4 20.Be2 Qh3 21.Bf1  1/2-1/2

[Event "WYB14"]
[Site "Oropesa del Mar ESP"]
[Date "2001.10.24"]
[Round "4"]
[White "Gonda,L"]
[Black "Navarro Ortiz de Ortuno,B"]
[Result "1-0"]
[WhiteElo "2309"]
[BlackElo "2063"]

1.c4 c6 2.e4 d5 3.exd5 cxd5 4.d4 Nf6 5.Nf3 Nc6 6.Nc3 e6 7.Be2 Be7 8.O-O dxc4
9.Bxc4 O-O 10.Be3 a6 11.Qe2 b5 12.Bd3 Bb7 13.a4 b4 14.Ne4 Nxe4 15.Bxe4 Na5
16.Bxb7 Nxb7 17.Ne5 Qd5 18.Rac1 Bf6 19.Rc7 Bxe5 20.dxe5 Rfd8 21.Rfc1 Rd7
22.h3 a5 23.Bb6 Rxc7 24.Rxc7 Nd8 25.Qc2 Rb8 26.Rc8 Qa8 27.Rxb8 Qxb8 28.Bxa5 h6
29.Qe4 b3 30.Bc3 g6 31.a5 Kg7 32.Qc4 h5 33.a6 Qa8 34.Qc7 Kf8 35.Bb4+ Kg7
36.Be7 Nc6 37.Qb7  1-0

[Event "TCh-AUT 2001-2"]
[Site "Moerbisch AUT"]
[Date "2001.10.31"]
[Round "1"]
[White "Vogt,L"]
[Black "Madl,I"]
[Result "1-0"]
[WhiteElo "2460"]
[BlackElo "2426"]

1.c4 c6 2.e4 d5 3.exd5 cxd5 4.cxd5 Nf6 5.Nc3 Nxd5 6.Nf3 e6 7.d4 Be7 8.Bd3 O-O
9.O-O Nc6 10.a3 Bf6 11.Be4 Nce7 12.Qd3 g6 13.Bh6 Bg7 14.Bxg7 Kxg7 15.Qc4 Qd6
16.Rfe1 Bd7 17.Bxd5 Nxd5 18.Nxd5 exd5 19.Qc5 Qxc5 20.dxc5 Kf6 21.Rad1 Be6
22.b4 Rfc8 23.Rc1 b6 24.c6 a6 25.Nd4 Ra7 26.a4 h5 27.Rc3 Re8 28.h4 Ke7 29.c7 Kd7
30.Rc6 Rxc7 31.Rxb6 Rc4 32.Nb3 Kc7 33.a5 Rb8 34.Rxb8 Kxb8 35.Nc5 Bc8 36.Re8 Kc7
37.Re7+ Kc6 38.Nd3 Kb5 39.Rxf7 Bf5 40.Rb7+ Kc6 41.Rb6+ Kc7 42.Nc5 d4 43.Nxa6+ Kd7
44.Nc5+ Kc7 45.Rb7+ Kc6 46.a6 Rc1+ 47.Kh2 Rc3 48.Rb8 Ra3 49.Rd8 d3 50.a7 Rxa7
51.Nxd3 Ra2 52.f3 Kc7 53.Rd5 Kc6 54.Rc5+ Kd6 55.Ne5 Ra4 56.Nc4+ Ke7 57.Rb5 Ra2
58.Rb6 Bd3 59.Ne5 Bf1 60.Rxg6  1-0

[Event "VI IM"]
[Site "Rijeka CRO"]
[Date "2001.11.08"]
[Round "6"]
[White "Dumpor,A"]
[Black "Szuhanek,R"]
[Result "0-1"]
[WhiteElo "2325"]
[BlackElo "2450"]

1.c4 c6 2.Nf3 d5 3.e3 Nf6 4.b3 Bg4 5.Bb2 Nbd7 6.h3 Bh5 7.Be2 e6 8.O-O Bd6
9.d3 O-O 10.Nbd2 Qe7 11.a3 a5 12.Re1 Rfd8 13.Nd4 Bg6 14.cxd5 e5 15.N4f3 cxd5
16.Nh4 e4 17.Nxg6 hxg6 18.dxe4 dxe4 19.Nc4 Ne5 20.Qc2 Nxc4 21.Bxc4 Be5 22.Red1 g5
23.Rxd8+ Rxd8 24.Rc1 g4 25.Bxe5 Qxe5 26.Rd1 Re8 27.h4 g3 28.fxg3 Ng4 29.Rd7 Qxg3
30.Rxf7 Qh2+ 31.Kf1 Nxe3+ 32.Kf2 Nxc2 33.Re7+ Kh7 34.Rxe8 Qxh4+ 35.Kg1 Ne3
36.Bg8+ Kg6 37.Re6+ Kf5 38.Re8 Qe1+ 39.Kh2 Ng4+ 40.Kh3 Qh1+  0-1

[Event "EuTChw"]
[Site "Leon ESP"]
[Date "2001.11.10"]
[Round "5"]
[White "Koskoska,G"]
[Black "Rantanen,T"]
[Result "1-0"]
[WhiteElo "2216"]
[BlackElo "2129"]

1.c4 c6 2.e4 d5 3.exd5 cxd5 4.d4 Nf6 5.Nc3 e6 6.Nf3 Nc6 7.cxd5 exd5 8.h3 Be7
9.Bd3 O-O 10.O-O Be6 11.Bf4 Rc8 12.Rc1 Re8 13.Bb1 Nd7 14.Ne2 Qb6 15.Rc3 a6
16.Ng5 Nf8 17.Rb3 Qa7 18.Rg3 Bf6 19.Be3 b5 20.h4 Ne7 21.Nxe6 Nxe6 22.Qd3 Nf8
23.h5 Kh8 24.Nf4 Qd7 25.Nh3 g6 26.Bg5 Bxg5 27.Nxg5 Nf5 28.Rh3 Kg7 29.Nf3 Re6
30.Qd2 Nd6 31.hxg6 fxg6 32.Ne5 Qa7 33.Rd1 Nf7 34.Ng4 Rce8 35.Ne3 Qd7 36.Rg3 Nd6
37.Ng4 Ne4 38.Qh6+ Kg8 39.Bxe4 dxe4 40.d5 Rd6 41.Qf4 Kg7 42.Rc3 g5 43.Qg3 Rxd5
44.Rc7 Rxd1+ 45.Kh2 Rd3 46.Ne3 Kg6 47.Rxd7 Nxd7 48.Qc7 Re6 49.Qc8 h5 50.Qg8+ Kf6
51.Qh7 Rxe3 52.fxe3 Ne5 53.Qxh5 Kf5 54.Qh7+ Rg6 55.Kg3 Nc4 56.Kf2 Ne5 57.b3 Nd3+
58.Kg3 Ne5 59.Qh3+ g4 60.Qh5+ Kf6 61.Kf4 Nd3+ 62.Kxe4 Nf2+ 63.Kd4 g3 64.Qe5+ Kf7
65.Qc7+ Ke8 66.Qc8+ Ke7 67.Qb7+ Kf8 68.Ke5 Nd3+ 69.Kf5 Nc5  1-0

[Event "EuTCh"]
[Site "Leon ESP"]
[Date "2001.11.10"]
[Round "5"]
[White "Ftacnik,L"]
[Black "Sommerbauer,N"]
[Result "1-0"]
[WhiteElo "2566"]
[BlackElo "2410"]

1.c4 c6 2.d4 d5 3.Nc3 Nf6 4.e3 a6 5.Qc2 b5 6.b3 Bg4 7.Nge2 e6 8.Ng3 Nbd7
9.h3 Bh5 10.Nxh5 Nxh5 11.g3 Nhf6 12.Bg2 Be7 13.O-O O-O 14.Rd1 Rc8 15.e4 Nxe4
16.Nxe4 dxe4 17.Bxe4 Nf6 18.Bg2 Qa5 19.a4 bxc4 20.bxc4 Bb4 21.Bb2 Rfd8 22.Rd3 Qc7
23.Rad1 Rd7 24.Qe2 Be7 25.Bc3 Ne8 26.Rb1 Rdd8 27.Rdd1 Nf6 28.Qe5 Bd6 29.Qa5 Qxa5
30.Bxa5 Bc7 31.Bc3 Bb8 32.Rb6 c5 33.Bb7 Rc7 34.d5 exd5 35.cxd5 Rcd7 36.Bc6 Rd6
37.Rdb1 Bc7 38.Rb7 Rc8 39.Rxc7  1-0

[Event "EuTCh"]
[Site "Leon ESP"]
[Date "2001.11.15"]
[Round "9"]
[White "Bischoff,K"]
[Black "Fressinet,L"]
[Result "1/2-1/2"]
[WhiteElo "2541"]
[BlackElo "2588"]

1.c4 c6 2.Nf3 d5 3.e3 Nf6 4.Nc3 a6 5.b3 Bg4 6.Be2 e6 7.Bb2 Nbd7 8.O-O Bd6
9.cxd5 cxd5 10.Nd4 Bxe2 11.Ncxe2 O-O 12.f4 Rc8 13.Nf3 Re8 14.Ned4 Bf8 15.Qe2 g6
16.Rfc1 Qe7 17.Qf1 Ne4 18.Rxc8 Rxc8 19.Rc1 Rxc1 20.Qxc1 Qc5 21.Kf1 Qxc1+  1/2-1/2

[Event "EuTChw"]
[Site "Leon ESP"]
[Date "2001.11.15"]
[Round "9"]
[White "Tetenkina,I"]
[Black "Macek,V"]
[Result "1-0"]
[WhiteElo "2253"]
[BlackElo "2237"]

1.c4 c6 2.e4 d5 3.exd5 cxd5 4.cxd5 Qxd5 5.Nc3 Qd8 6.Nf3 Nf6 7.d4 e6 8.Bd3 Be7
9.O-O O-O 10.Re1 Nc6 11.a3 a6 12.Bc2 b5 13.Qd3 g6 14.Bh6 Re8 15.Rad1 Bb7
16.Bb3 b4 17.d5 bxc3 18.dxe6 Rf8 19.exf7+ Kh8 20.Qxc3 Qc7 21.Rxe7 Qxe7 22.Re1 Qd6
23.Re6  1-0

[Event "sf ch-NED"]
[Site "Leeuwarden NED"]
[Date "2001.11.17"]
[Round "1.1"]
[White "Zult,D"]
[Black "Van der Wiel,J"]
[Result "0-1"]
[WhiteElo "2105"]
[BlackElo "2495"]

1.c4 c6 2.Nf3 d5 3.g3 Nf6 4.b3 dxc4 5.bxc4 e5 6.Nc3 Bd6 7.Bg2 O-O 8.O-O Qe7
9.d3 Rd8 10.Nd2 Ba3 11.Bxa3 Qxa3 12.Qb3 Qe7 13.Rab1 Na6 14.Rfd1 Nd7 15.Nde4 Nf8
16.c5 Ne6 17.Na4 Kf8 18.Rdc1 f5 19.Nd2 Naxc5 20.Nxc5 Nxc5 21.Qc3 Nd7 22.Nc4 Re8
23.Qb4 Qxb4 24.Rxb4 Nb6 25.Nd6 Rd8 26.Nxc8 Raxc8 27.a4 Rc7 28.Rcb1 Rd4 29.a5 Rxb4
30.Rxb4 Nd7 31.f4 Ke7 32.Kf2 g6 33.Ke3 Ke6 34.Rc4 c5 35.h3 Kd6 36.Rc1 exf4+
37.Kxf4 Nf6 38.g4 fxg4 39.hxg4 Nd5+ 40.Bxd5 Kxd5 41.Kg5 b5 42.axb6 axb6 43.Rb1 Rb7
44.Kf6 Kd4 45.e4 Kxd3 46.e5 c4 47.e6 c3 48.Rd1+ Ke2 49.Rd7 Rxd7 50.exd7 c2
51.d8=Q c1=Q 52.Qxb6 Kf3 53.Kg7 Kxg4 54.Kxh7 g5 55.Qe6+ Kg3 56.Qe5+ Qf4 57.Qe1+ Kg2
58.Qe2+ Kh3 59.Qd3+ Kh4 60.Qd8 Kg3 61.Qd3+ Qf3 62.Qd6+ Kh3 63.Qh6+ Kg4 64.Qd6 Qf4
65.Qd1+ Kf5 66.Qd7+ Ke4 67.Qc6+ Ke3 68.Qc1+ Ke2 69.Qc2+ Kf3 70.Qd1+ Kf2 71.Qc2+ Kg3
72.Qd3+ Kh4 73.Qd8 Qf5+ 74.Kh6 Qe6+ 75.Kg7 Kh5 76.Qd1+ g4 77.Qh1+ Kg5 78.Qc1+ Kf5
79.Qc2+ Qe4 80.Qf2+ Qf4 81.Qc2+ Kg5 82.Qc5+ Kh4 83.Qe7+ Qg5+  0-1

[Event "Bundesliga 2001-2"]
[Site "Erfurt GER"]
[Date "2001.11.24"]
[Round "3"]
[White "Ribli,Z"]
[Black "Haba,P"]
[Result "1-0"]
[WhiteElo "2564"]
[BlackElo "2499"]

1.c4 c6 2.d4 d5 3.Nf3 Nf6 4.Nc3 dxc4 5.a4 Bf5 6.Ne5 e6 7.f3 Bb4 8.e4 Bxe4
9.fxe4 Nxe4 10.Bd2 Qxd4 11.Nxe4 Qxe4+ 12.Qe2 Bxd2+ 13.Kxd2 Qd5+ 14.Kc2 Na6
15.Nxc4 O-O 16.Qe5 Rab8 17.a5 Rfc8 18.Be2 f6 19.Qe3 Qf5+ 20.Kc1 Nb4 21.Qd2 Qc5
22.Rd1 Rd8 23.Qxd8+ Rxd8 24.Rxd8+ Kf7 25.Rd7+ Kg6 26.Ra3 Qg1+ 27.Bd1 Qxh2
28.Rd4 h6 29.Rh3 Qc7 30.Re3 Nd5 31.Rxe6 Kf7 32.Rde4 Kg8 33.Rd6 g6 34.Re8+ Kg7
35.Red8 Qf7 36.R8d7 Ne7 37.Bb3  1-0

[Event "Bundesliga 2001-2"]
[Site "Hamburg GER"]
[Date "2001.11.25"]
[Round "4"]
[White "Dorfman,J"]
[Black "Lamprecht,F"]
[Result "1-0"]
[WhiteElo "2599"]
[BlackElo "2406"]

1.c4 c6 2.d4 d5 3.Nf3 Nf6 4.Nc3 e6 5.Bg5 Nbd7 6.e3 Qa5 7.cxd5 Nxd5 8.Qd2 Bb4
9.Rc1 O-O 10.Bd3 e5 11.a3 Bxc3 12.bxc3 exd4 13.cxd4 Qxa3 14.O-O f5 15.Qc2 h6
16.Bh4 N7b6 17.Ne5 g5 18.Bg3 Rf6 19.h4 Qf8 20.Qd2 f4 21.Bh2 Be6 22.Rfe1 Qg7
23.e4 Ne7 24.hxg5 hxg5 25.g3 Rh6 26.f3 Nd7 27.gxf4 gxf4+ 28.Kh1 Nxe5 29.dxe5 Qxe5
30.Bc4 Kf7 31.Bxe6+ Kxe6 32.Re2 Rah8 33.Rg2 Ng6 34.Rd1 R8h7 35.Qd8 Rxh2+
36.Rxh2 Rxh2+ 37.Kxh2 Qh5+ 38.Kg1 Qc5+ 39.Kg2 Ne7 40.Qd7+ Kf7 41.Rd6 Qc2+
42.Kh1  1-0

[Event "NCC"]
[Site "Philadelphia USA"]
[Date "2001.11.25"]
[Round "5"]
[White "Blocker,C"]
[Black "Figler,I"]
[Result "1/2-1/2"]
[WhiteElo "2395"]
[BlackElo "2378"]

1.c4 c6 2.d4 d5 3.Nf3 Nf6 4.Nc3 a6 5.c5 g6 6.Bf4 Bg7 7.e3 Nbd7 8.h3 O-O 9.Be2 Ne8
10.O-O Nc7 11.b4 Re8 12.Qd2 e5 13.Bg3 e4 14.Nh2 Ne6 15.Kh1 Qg5 16.Rad1 f5
17.Bd6 Bf8 18.Bxf8 Nexf8 19.Rg1 Nf6 20.Rde1 Qh6 21.Bf1 g5 22.f4 gxf4 23.exf4 e3
24.Rxe3 Qxf4 25.Re2 Qxd2 26.Rxd2 Ne4 27.Nxe4 fxe4 28.Be2 Bd7 29.Bh5 Re7 30.Nf1 a5
31.bxa5 Rxa5 32.Ne3 Rg7 33.Rb1 Ra3 34.Ng4 Bxg4 35.Bxg4 Re7 36.Rdb2 Kg7 37.Bc8 e3
38.Re2 Ra4 39.Rxb7  1/2-1/2

[Event "ch-ROM w"]
[Site "Targoviste ROM"]
[Date "2001.11.28"]
[Round "5"]
[White "Calotescu,C"]
[Black "Tutulan,M"]
[Result "1-0"]
[WhiteElo "2296"]
[BlackElo "2012"]

1.c4 c6 2.e4 e6 3.Nc3 Ne7 4.Nf3 d5 5.d4 dxe4 6.Nxe4 Nf5 7.Be2 Be7 8.O-O O-O
9.b3 b6 10.Bb2 Bb7 11.Qc2 Na6 12.Rad1 Qc7 13.a3 Rad8 14.Rfe1 Qc8 15.Bd3 h6
16.Qc3 Rfe8 17.Bb1 Bf8 18.Qc2 h5 19.h3 Be7 20.Ne5 g6 21.Qc3 c5 22.dxc5 Bxe4
23.Bxe4 Bf6 24.cxb6 Nc5 25.Rxd8 Rxd8 26.bxa7 Nxe4 27.Rxe4 Rd1+ 28.Re1 Nd4
29.Qa5 Rxe1+ 30.Qxe1 Nf5 31.Qe4  1-0

[Event "ch-GER"]
[Site "Altenkirchen GER"]
[Date "2001.12.03"]
[Round "4"]
[White "Wahls,M"]
[Black "Jugelt,T"]
[Result "0-1"]
[WhiteElo "2580"]
[BlackElo "2420"]

1.c4 c6 2.e4 e5 3.Nf3 d6 4.d4 Nd7 5.Nc3 Ngf6 6.Be2 Be7 7.O-O O-O 8.Be3 Qc7
9.d5 Nc5 10.Nd2 a5 11.a3 Bd7 12.b3 Rfc8 13.Kh1 cxd5 14.exd5 Bf8 15.f4 exf4
16.Bxf4 Re8 17.Rc1 Qc8 18.h3 Bf5 19.Bh2 Qd7 20.Nf3 Re3 21.Bf4 Ree8 22.Bh2 Re3
23.Bf4 Ree8 24.Nd4 Bg6 25.Bh2 Re3 26.Bf4 Ree8 27.Kg1 Kh8 28.Ncb5 Kg8 29.Rc3 Nce4
30.Rc1 Be7 31.Kh1 Bf8 32.Bh2 Nc5 33.Kg1 Re4 34.Nc3 Rxd4 35.Qxd4 Nxb3 36.Qb6 Nxc1
37.Rxc1 Qe7 38.Bf4 Ne4 39.Nb5 Qh4 40.Qe3 Re8 41.Bf1 Qf6 42.Re1 Re7 43.Qc1 Qh4
44.Re2 h6 45.Bh2 Qf6 46.Qe1 a4 47.Re3 Nc5 48.Rxe7 Bxe7 49.Qf2 Qa1 50.Nxd6 Bf6
51.Nb5 Bd3 52.Bg3 Ne4 53.Qe1 Bxf1  0-1

[Event "Open"]
[Site "Rijeka CRO"]
[Date "2001.12.04"]
[Round "4"]
[White "Bistric,F"]
[Black "Doric,N"]
[Result "1/2-1/2"]
[WhiteElo "2446"]
[BlackElo "2372"]

1.c4 c6 2.e4 d5 3.exd5 Nf6 4.Nc3 cxd5 5.d4 Nc6 6.Bg5 Be6 7.Nf3 Ne4 8.Qb3 Nxc3
9.bxc3 dxc4 10.Bxc4 Bxc4 11.Qxc4 Rc8 12.O-O Qd7 13.Rfe1 Ne5 14.Qe2 Nxf3+
15.Qxf3 h6 16.Bf4 e6 17.d5 Bc5 18.Rad1 O-O 19.dxe6 Qa4 20.e7 Rfe8 21.Bxh6 Rxe7
22.Bg5 Rxe1+ 23.Rxe1 Qc2 24.h4 Bb6 25.Re2 Qd1+ 26.Kh2 Rf8 27.Bf4 Qd7 28.g3 Rc8
29.Kg2 Qc6 30.Be5 Qxf3+ 31.Kxf3 Rc4 32.Rc2 f6 33.Bf4 Ba5 34.Bd2 b5 35.Ke2 Bb6
36.Be3 Bxe3 37.Kxe3 Kf7 38.Kd3 a6 39.Rb2 Ra4 40.Re2 g6 41.f3 f5 42.Rg2 Kg7
43.g4 fxg4 44.fxg4 Kh6 45.Ke3 Rc4 46.Kd3 Ra4 47.Ke3 Rc4 48.Kd3 Ra4  1/2-1/2

[Event "Open"]
[Site "Rijeka CRO"]
[Date "2001.12.05"]
[Round "5"]
[White "Rukavina,J"]
[Black "Doric,D"]
[Result "1/2-1/2"]
[WhiteElo "2415"]
[BlackElo "2254"]

1.c4 c6 2.d4 d5 3.e3 Nf6 4.Nc3 e6 5.Qc2 Nbd7 6.Nf3 Bd6 7.b3 O-O 8.Be2 b6
9.O-O Bb7 10.e4 e5 11.dxe5 Nxe5 12.exd5 cxd5 13.Rd1 Qe7 14.Nb5 Bc5 15.Nxe5 Qxe5
16.Bb2 Qf4 17.Bf3 Ne4 18.Bd4 a6 19.Bxc5 bxc5 20.Bxe4 dxe4 21.Nc3 Rad8 22.Nd5 Qe5
23.Qd2 f6 24.Rac1 h6 25.h3 Kh7 26.Qe3 Bxd5 27.cxd5 Rxd5 28.Rxd5 Qxd5 29.Rxc5 Qd1+
30.Kh2 Qd6+ 31.g3 Re8 32.Rc4 Qe6 33.Rc7 Re7 34.Rxe7 Qxe7 35.Qf4 h5 36.Qf5+ g6
37.Qf4 Kg7 38.h4 f5 39.Kg2 Qa3 40.Qd2 a5 41.Qc3+ Kf7 42.Kf1 Qxa2 43.Qc7+ Kf6
44.Qd6+  1/2-1/2

[Event "ch-GER"]
[Site "Altenkirchen GER"]
[Date "2001.12.06"]
[Round "7"]
[White "Hertneck,G"]
[Black "Bruehl,A"]
[Result "1-0"]
[WhiteElo "2570"]
[BlackElo "2277"]

1.c4 c6 2.e4 e5 3.Nf3 Nf6 4.Nc3 Bb4 5.d3 O-O 6.a3 Bxc3+ 7.bxc3 d5 8.Nxe5 Re8
9.f4 dxe4 10.d4 e3 11.Bd3 Ng4 12.O-O Qh4 13.Nxg4 Bxg4 14.Qe1 Qh5 15.Bxe3 Nd7
16.Qd2 Nf6 17.Rae1 Ne4 18.Qc2 f5 19.Bc1 Re6 20.Re3 Rae8 21.h3 Qh4 22.Bxe4 Bh5
23.Bf3 Rxe3 24.Bxe3 Rxe3 25.Qf2 Qxf2+ 26.Kxf2 Rxc3 27.Bxh5 Rxc4 28.Rd1 Rc3
29.d5 cxd5 30.Rxd5 g6 31.Be2 Rxa3 32.Rd8+ Kg7 33.Rd7+ Kh8 34.Rxb7 a5 35.Ra7 a4
36.Bf3 Ra1 37.h4 h6 38.Bc6 Ra2+ 39.Kg3 Ra3+ 40.Kh2 Rc3 41.Be8 Rc4 42.Rxa4  1-0

[Event "Friendship GM"]
[Site "Prerove CZE"]
[Date "2001.12.14"]
[Round "11"]
[White "Stocek,J"]
[Black "Jirka,J"]
[Result "1-0"]
[WhiteElo "2518"]
[BlackElo "2330"]

1.c4 c6 2.e4 e5 3.Nf3 Qa5 4.Nc3 Nf6 5.Be2 Bc5 6.O-O Bd4 7.d3 d6 8.Nxd4 exd4
9.Nb1 O-O 10.Bf4 d5 11.e5 Ne8 12.Nd2 Nc7 13.Nb3 Qb6 14.c5 Qa6 15.Nxd4 b6
16.b4 Qb7 17.Rb1 b5 18.a4 a6 19.Ra1 Ne6 20.Nxe6 Bxe6 21.d4 Nd7 22.Bd3 f5
23.exf6 Nxf6 24.Bd6 Rfe8 25.Ra3 Bf7 26.Qc2 h6 27.h3 Nd7 28.Rfa1 Nf8 29.Qa2 Rad8
30.axb5 axb5 31.Bf5 Ne6 32.Ra7 Qc8 33.Rc7 Nxc7 34.Bxc8 Rxc8 35.Qd2 Ne6 36.Ra6 Bg6
37.Be5 Rf8 38.Qe3 Rfe8 39.Ra7 Ra8 40.Qa3 Rac8 41.Qa6 Bf5 42.Re7  1-0

[Event "Friendship IM"]
[Site "Prerove CZE"]
[Date "2001.12.14"]
[Round "11"]
[White "Ruckschloss,K"]
[Black "Novosak,J"]
[Result "1-0"]
[WhiteElo "2264"]
[BlackElo "2296"]

1.c4 c6 2.d4 d5 3.e3 Nf6 4.Nf3 Bf5 5.Qb3 Qb6 6.Nc3 e6 7.Nh4 Qxb3 8.axb3 Bc2
9.c5 Bxb3 10.Bd3 Be7 11.Nf3 Nbd7 12.Nd2 Bc4 13.Nxc4 dxc4 14.Bxc4 e5 15.b4 O-O
16.Bd2 b6 17.O-O Rfd8 18.Rfd1 Nf8 19.Be1 exd4 20.exd4 bxc5 21.dxc5 Ne6 22.Rxd8+ Bxd8
23.Bxe6 fxe6 24.Ra6 Rb8 25.Na2 Rb7 26.Rxc6 Kf7 27.Ra6 Nd5 28.Kf1 Kf6 29.Ke2 Ke5
30.Kd3 g5 31.Bd2 h5 32.Kc4 g4 33.b5 Rf7 34.Nb4 Nxb4 35.Bxb4 Rxf2 36.Bc3+ Kf5
37.Rxa7 Rxg2 38.Rd7 Bg5 39.b6 Bf4 40.Rf7+ Kg5 41.Rxf4  1-0